| 000 | 00502 a2200169 4500 | ||
|---|---|---|---|
| 005 | 20250616161531.0 | ||
| 020 | _a978-0-13-046109-4 | ||
| 082 | _a004.019 DIX | ||
| 100 | _aDIX, A | ||
| 245 | _aHuman-Computer Interaction. | ||
| 250 | _a3rd Ed. | ||
| 260 |
_aLondon, _bPearson Educational Ltd, _c2004. |
||
| 300 |
_axviii, 834.: ill.; figure _bIndex & References _c24cm. |
||
| 700 | _aFINLAY, J., ABOWD, G. D & BEALE, R. | ||
| 856 |
_yAccess Online Book _fComputer _dwww.pearsoned.co.uk |
||
| 942 |
_2ddc _cBKS |
||
| 999 |
_c125 _d125 |
||